000 00443nam a2200181Ia 4500
001 23709
005 20260414150955.0
008 260414t2015||||xx |||||||||||||| ||spa||
041 _aESP
082 _a693.8
_bP19
100 _aPalacios Blanco, José Luis,
_eAUT
245 0 _aLa casa ecológica :
_bómo construirla
260 _c2015
300 _a168 páginas :
_c27 cm.
650 _a0
654 _aCIC
942 _cLIB
_dJUS
_fJUS
_2ddc
_n
999 _c23709
_d23709